It looks like you're offline.
Open Library logo
additional options menu

MARC record from Internet Archive

LEADER: 01302cam 2200361M 4500
001 on1071952858
003 OCoLC
005 20211107112705.0
008 830331s1851 enka 000 0 eng d
010 $a 01003622
040 $aUWO$beng$cUWO$dOCLCQ$dOCLCO$dOCLCF
035 $a(OCoLC)1071952858
043 $ae-uk---
050 00 $aCS420$b.L8 1851
100 1 $aLodge, Edmund,$d1756-1839.
245 14 $aThe peerage of the British empire as at present existing.
250 $a20th ed.
260 $aLondon,$bSaunders and Otley,$c1851.
300 $alxxv, 676 pages$billustrations$c25 cm
336 $atext$btxt$2rdacontent
337 $aunmediated$bn$2rdamedia
338 $avolume$bnc$2rdacarrier
650 0 $aNobility$zGreat Britain.
651 0 $aGreat Britain$xGenealogy.
650 7 $aNobility.$2fast$0(OCoLC)fst01038255
651 7 $aGreat Britain.$2fast$0(OCoLC)fst01204623
655 7 $aGenealogy.$2fast$0(OCoLC)fst01423818
700 1 $aInnes, Anne,$eeditor.
700 1 $aInnes, Eliza,$eeditor.
700 1 $aInnes, Maria,$eeditor.
856 4 $xScholars Portal Open Content Alliance$uhttp://books.scholarsportal.info/viewdoc.html?id=/ebooks/oca6/116/peeragebritishe00innegoog$zConnect to Internet resource
994 $aZ0$bP4A
948 $hNO HOLDINGS IN P4A - 1 OTHER HOLDINGS